Aadaya vardhanavinu rainguarding (Record no. 72837)

MARC details
000 -LEADER
fixed length control field 00282nam a2200121Ia 4500
100 ## - MAIN ENTRY--AUTHOR NAME
Personal name Thomas K U
245 #0 - TITLE STATEMENT
Title Aadaya vardhanavinu rainguarding
260 ## - PUBLICATION, DISTRIBUTION, ETC. (IMPRINT)
Name of publisher Rubber
Year of publication 2008
300 ## - PHYSICAL DESCRIPTION
Number of Pages 6-8.
650 ## - SUBJECT ADDED ENTRY--TOPICAL TERM
Topical Term Rainguarding
942 ## - ADDED ENTRY ELEMENTS (KOHA)
Koha item type Malayalam
Holdings
Withdrawn status Lost status Damaged status Not for loan Home library Current library Date acquired Serial Enumeration / chronology Koha item type
      Journals RRII Library RRII Library 19/06/2008 Volume 506, Issue May Malayalam